01864nam a2200265 a 450000100100000000500170001000800410002704000250006808200200009310000470011324502550016026000600041530000240047550400740049950501090057365100890068291000390077104900090081095201480081995201480096795201480111595201870126395201310145099900170158100002728620240925085245.0110331s1913 dr a 000 0 spa d aDO-SdBNPbspacBNPHU a972.9302bM938b1 aMoya, Casimiro Nemesio de,d1849-1913925410aBosquejo histórico del descubrimiento y conquista de la isla de Santo Domingo y Narración de los principales sucesos ocurridos en la parte española de ella desde la sumisión de su último cacique hasta nuestros días /cCasimiro N. de Moya. aSanto Domingo :bImpresora La Cuna de América,c1913. av. :bil. ;c22 cm. aIncluye referencias bibliográficas y notas al pie de las páginas.0 gv. 1tÉpoca de la conquista y gobierno de los españoles hasta la sumisión de los últimos indios. 0aRepública Dominicana --xHistoria -- yDescubrimiento y conquista, 1492-1503 9255 aValidado. Control de calidad BNPHU aBNPD 00102ddc54708RVaBNPHUbBNPHUcHDd2015-02-16iLF1l0o972.9302 M938b | v. 1, e. 3p27286-30r2020-06-25w2020-06-25y4ZPréstamo en sala 00102ddc54708RVaBNPHUbBNPHUcHDd2015-06-15iLF1l0o972.9302 M938b | v. 1, e. 4p27286-40r2020-06-25w2020-06-25y4ZPréstamo en sala 00102ddc54708RVaBNPHUbBNPHUcHDd2015-06-15iLF1l0o972.9302 M938b | v. 1, e. 5p27286-50r2020-06-25w2020-06-25y4ZPréstamo en sala 001050718RVaPDbPDcHDd2011-03-31iLF1l0o972.9302 M938b | v. 1p27286-10r2020-06-25w2020-06-25y1zPerteneció a la bilbioteca personal de Julio Ortega Frier.ZNo se presta 001050718RVaPDbPDcHDd2011-07-14iLF1l0o972.9302 M938b | v. 1, e. 2p27286-20r2020-06-25w2020-06-25y1ZNo se presta c26778d26778